El campeón que llevamos dentro /
Guardado en:
| Formato: | |
|---|---|
| Series: | Viaje a Infinito
|
| Materias: | |
| Etiquetas: |
Agregar Etiqueta
Sin Etiquetas, Sea el primero en etiquetar este registro!
|
| LEADER | 01025ngm a22002775g 4500 | ||
|---|---|---|---|
| 001 | CEM.cems021382 | ||
| 008 | 130507b1992##################0###0#####d | ||
| 005 | 20240819202908.0 | ||
| 245 | 0 | 0 | |a El campeón que llevamos dentro / |
| 300 | |a 57 | ||
| 490 | 0 | |a Viaje a Infinito | |
| 500 | |a En soporte VHS, consultar en ventanilla. | ||
| 505 | 0 | |a Ciencia del deporte. Performance de los deportistas. El aerobismo. El exceso de deportes. La pérdida ósea. El entrenamiento y el gasto de energía. Las enfermedades cardíacas y el colesterol. Músculos y fibras. Capilares | |
| 538 | |a Soporte: VHS - Norma: Pal N - Color - Grabación Drd 1992 - Hitachi=0000 | ||
| 082 | 6 | 1 | |/ VIA |
| 653 | |a ANATOMIA | ||
| 653 | |a DEPORTES | ||
| 653 | |a FISIOLOGIA DEPORTIVA | ||
| 653 | |a FISIOLOGIA | ||
| 653 | |a ENFERMEDADES | ||
| 653 | |a COLESTEROL | ||
| 653 | |a MUSCULOS | ||
| 653 | |a EDUCACION FISICA | ||
| 653 | |a NIVEL PRIMARIO | ||
| 653 | |a NIVEL SECUNDARIO | ||
| 859 | |a CEMS |b BIB. CEMS - Depto. Recursos Didacticos |h 612 |i VIA |k DRD |p 25.12 |t Ej.1 | ||
